000
00217 a2200109 4500
020
_a
9780876144237
041
_a
spa
100
_a
Jane Anne Volkmer
245
_a
La Musica de la Chirimia
942
_c
BK
952
_7
1
999
_c
24930
_d
24930